India wins freedom : (Record no. 22758)

MARC details
000 -LEADER
fixed length control field 00681cam a2200229u 4500
001 - CONTROL NUMBER
control field 9829376
003 - CONTROL NUMBER IDENTIFIER
control field BDDh-ASL
005 - DATE AND TIME OF LATEST TRANSACTION
control field 20231015030145.0
008 - FIXED-LENGTH DATA ELEMENTS--GENERAL INFORMATION
fixed length control field 821020s1959 ii c 000 0 eng
010 ## - LIBRARY OF CONGRESS CONTROL NUMBER
LC control number a 60001483
040 ## - CATALOGING SOURCE
Original cataloging agency DLC
Transcribing agency CarP
Modifying agency DLC
-- BDDh-ASL
043 ## - GEOGRAPHIC AREA CODE
Geographic area code a-ii---
050 00 - LIBRARY OF CONGRESS CALL NUMBER
Classification number DS480.45
Item number .A9 1959
082 ## - DEWEY DECIMAL CLASSIFICATION NUMBER
Classification number 923.954
Item number AZI
100 1# - MAIN ENTRY--PERSONAL NAME
Personal name Āzād, Abūlkalām,
Dates associated with a name 1888-1958.
245 10 - TITLE STATEMENT
Title India wins freedom :
Remainder of title An autobiographical narrative/
260 ## - PUBLICATION, DISTRIBUTION, ETC.
Place of publication, distribution, etc. Bombay:
Name of publisher, distributor, etc. Orient Longmans,
Date of publication, distribution, etc. [1959]
300 ## - PHYSICAL DESCRIPTION
Extent x, 252 p. :
Other physical details ports.
Dimensions 24 cm.
651 #0 - SUBJECT ADDED ENTRY--GEOGRAPHIC NAME
Geographic name India
General subdivision History
Chronological subdivision 20th century.
906 ## - LOCAL DATA ELEMENT F, LDF (RLIN)
a 0
b cbc
c premunv
d u
e ncip
f 19
g y-gencatlg
942 ## - ADDED ENTRY ELEMENTS (KOHA)
Source of classification or shelving scheme Dewey Decimal Classification
Koha item type Books
Holdings
Withdrawn status Lost status Source of classification or shelving scheme Damaged status Not for loan Collection code Home library Current library Shelving location Date acquired Source of acquisition Total Checkouts Full call number Barcode Date last seen Copy number Price effective from Koha item type Public note
    Dewey Decimal Classification   Not For Loan Non-fiction Asiatic Society Library Asiatic Society Library General Stacks 03/06/2021 ASB Library Collections   923.954 AZI 107063 03/06/2021 C-1 03/06/2021 Books RARE
    Dewey Decimal Classification   Not For Loan Non-fiction Asiatic Society Library Asiatic Society Library General Stacks 10/22/2024 ASB Library Collection   923.954 AZI 125560 10/22/2024 C-2 10/22/2024 Books Y-1959

Powered by Koha